|
|
|
|
| LEADER |
00979cam a2200253 i 4500 |
| 001 |
0000150538 |
| 005 |
20251210090000.0 |
| 008 |
251112t2016 my a e may |
| 020 |
|
|
|a 9789834903077
|q paperback
|c RM30.00
|
| 040 |
|
|
|a RMC
|b eng
|c RMC
|e rda
|
| 090 |
0 |
0 |
|a 959.89
|b KHA
|
| 100 |
0 |
|
|a Khalif Muammar A.Harris
|e author.
|
| 245 |
1 |
0 |
|a ILMU KETATANEGARAAN MELAYU,RAJA ALI HAJI
|b Thamarat al-Muhimmah, Muqaddimah fi Intizam Waza'if al-Malik
|c Khalif Muammar A.Harris
|
| 264 |
|
0 |
|a ♭2016
|
| 264 |
|
1 |
|a Kuala Lumpur
|b Dewan bahasa dan pustaka
|
| 300 |
|
|
|a xiii, 164pages
|b illustrations, tulisan jawi
|c 22 cm
|
| 336 |
|
|
|a text
|2 rdacontent
|
| 337 |
|
|
|a unmediated
|2 rdamedia
|
| 338 |
|
|
|a volume
|2 rdacarrier
|
| 650 |
1 |
0 |
|a Ali al-haji
|x raja
|y raja 1809-1870
|
| 650 |
|
0 |
|a Political ethics
|x Indonesia-Riau
|
| 650 |
|
0 |
|a Justice
|x administration of Islamic law
|
| 852 |
1 |
|
|a RMC
|
| 999 |
|
|
|a 0000041863
|b Royal Military College
|d BOOKS
|e Umum
|f Royal Military College
|j AVAILABLE
|q GOOD CONDITION
|